| 000 | 00725nam a22002297a 4500 | ||
|---|---|---|---|
| 999 |
_c10193 _d10193 |
||
| 001 | 10193 | ||
| 003 | BD-JhCC | ||
| 005 | 20180718202052.0 | ||
| 008 | 180419s19711995bg |||| ||a| 000 0 ben d | ||
| 020 | _a8185626057 | ||
| 035 | _a(BD-JhCC)10193 | ||
| 040 |
_aBD-JhCC _dBD-JhCC |
||
| 041 | _aben | ||
| 082 |
_a491.443 _bBIS 1995 |
||
| 100 | _aবিশ্বাস, শৈলেন্দ | ||
| 245 |
_aসংসদ বাঙ্গালা অভিধান / _cশৈলেন্দ বিশ্বাস (সংকলিত) |
||
| 260 |
_aকলিকাতা : _bসাহিত্য সংসদ., _c1995. |
||
| 300 |
_a811 p. : _c22 c.m |
||
| 650 | _aBengali Dictionaries | ||
| 942 |
_2ddc _cBK |
||